|
|
|
|
| LEADER |
00000naa2a2200000 4500 |
| 001 |
150311 |
| 005 |
20231031150145.0 |
| 035 |
|
|
|a (RuTPU)RU\TPU\book\162948
|
| 090 |
|
|
|a 150311
|
| 100 |
|
|
|a 20090108d2008 k y0rusy50 ca
|
| 101 |
0 |
|
|a rus
|
| 102 |
|
|
|a RU
|
| 200 |
1 |
|
|a Ультразвуковое устройство для лечения межпозвоночных грыж
|f О. В. Бредер
|g науч. рук. И. О. Болотина
|
| 320 |
|
|
|a Библиогр.: 3 назв.
|
| 461 |
|
1 |
|0 (RuTPU)RU\TPU\book\156858
|t Современные техника и технологии
|o 14 Международная научно-практическая конференция студентов, аспирантов и молодых ученых, г. Томск, 24-28 марта 2008 г.
|o труды
|o в 3 т.
|f Томский политехнический университет (ТПУ)
|d 2008
|
| 463 |
|
0 |
|0 (RuTPU)RU\TPU\book\155176
|t Т. 1
|v С. 452-454
|d 2008
|p 538 с.
|
| 610 |
1 |
|
|a межпозвоночные грыжи
|
| 610 |
1 |
|
|a лечение
|
| 610 |
1 |
|
|a ультразвуковые устройства
|
| 610 |
1 |
|
|a позвоночник
|
| 610 |
1 |
|
|a заболевания
|
| 610 |
1 |
|
|a труды учёных ТПУ
|
| 610 |
1 |
|
|a ультразвук
|
| 700 |
|
1 |
|a Бредер
|b О. В.
|
| 702 |
|
1 |
|a Болотина
|b И. О.
|4 727
|
| 801 |
|
1 |
|a RU
|b 63413507
|c 20090108
|g PSBO
|
| 801 |
|
2 |
|a RU
|b 63413507
|c 20141106
|g RCR
|
| 942 |
|
|
|c BK
|